|
|
|
|
| LEADER |
00000nam a2200000 a 4500 |
| 001 |
vtls001417117 |
| 003 |
SK-MaSNL |
| 005 |
20260426011454.0 |
| 008 |
160322s2001 xo abe 0yd0 ger |
| 015 |
|
|
|a SNBE2001/04-02555
|
| 020 |
|
|
|a 8096852418
|
| 035 |
|
|
|a SNK000371896
|
| 040 |
|
|
|a SNK
|b slo
|c SNK
|e AACR2
|
| 041 |
0 |
|
|a ger
|
| 044 |
|
|
|a xo
|c SK
|
| 080 |
|
|
|a 908.437.6-25(083.9)=30
|2 1981
|
| 245 |
0 |
0 |
|a Bratislava
|b Bildführer
|c Text:Martin Sloboda ; Design: Robert Vrlák ; Bildnachweis: Martin Sloboda ... [et al.]
|
| 260 |
|
|
|a Bratislava
|b MS Agency
|c 2001
|
| 300 |
|
|
|a 40 s.
|b fareb. fotogr., mp., pl.
|c 24 cm
|
| 504 |
|
|
|a Biogr. údaje
|
| 651 |
|
7 |
|a Bratislava (Slovensko)
|2 SNKPHgeo
|9 14568
|
| 655 |
|
7 |
|a prospekty
|2 SNK
|9 62175
|
| 700 |
1 |
|
|a Vrlák, Robert
|4 gup
|4 pht
|9 298069
|
| 700 |
1 |
|
|a Kostroň, Ivan,
|d 1951-
|4 pht
|9 92934
|
| 700 |
1 |
|
|a Veliká, Dagmar,
|d 1950-
|4 pht
|9 120350
|
| 700 |
1 |
|
|a Leixnerová, Thea
|4 pht
|9 45293
|
| 700 |
1 |
|
|a Raganová, Jaroslava
|4 pht
|9 46462
|
| 700 |
1 |
|
|a Vojček, Alexander
|4 pht
|
| 700 |
1 |
|
|a Majer, Pavol,
|d 1958-2021
|4 pht
|9 250678
|
| 700 |
1 |
|
|a Sloboda, Martin,
|d 1974-
|4 edt
|9 103064
|
| 919 |
|
|
|a 80-968524-1-8
|
| 958 |
|
|
|a TL
|
| 958 |
|
|
|a BQ
|
| 958 |
|
|
|a BX
|
| 958 |
|
|
|a OP
|
| 999 |
|
|
|c 1069703
|d 1071633
|
| 952 |
|
|
|t P60, <03>, [BOOK], {603}
|a SNK
|b SNK
|y PREZ
|7 0
|p 17A0308376
|o snkOSC 21310
|i snkKSP 8602/2001
|0 0
|1 0
|4 0
|d 2001-07-25
|l 0
|r 2005-01-02 00:00:00
|w 2026-02-24
|